| 000 | 00454nam a2200181Ia 4500 | ||
|---|---|---|---|
| 001 | 1105 | ||
| 005 | 20260306140607.0 | ||
| 008 | 260306t2024||||xx |||||||||||||| ||spa|| | ||
| 041 | _aESP | ||
| 082 |
_a181.11 _bH89 |
||
| 100 |
_aHui, Yuk, _eAUT |
||
| 245 | 0 |
_aLa pregunta por la técnica en China : _bun ensayo sobre cosmotécnica |
|
| 260 | _c2024 | ||
| 300 |
_a318 páginas : _c20 cm. |
||
| 650 | _aGEN | ||
| 654 | _aCHU | ||
| 942 |
_cLIB _dJUS _fJUS _2ddc _n |
||
| 999 |
_c1105 _d1105 |
||